000 00574nam a2200229Ia 4500
008 150901s9999 xx 000 0 und d
020 _a9789380014081
041 _aEnglish
082 _a658
082 _bJIJ/HU
100 _aJitender Sharma
100 _eAuthor
245 _aHuman resource development in public enterprises
250 _aFirst
260 _aNew Delhi
260 _bSurendra publishing
260 _c2010
300 _a294 Pages
365 _aRs.895/-
650 _aHuman resource development
942 _cBK
999 _c244238
_d244238